000 01722cam a22004094a 4500
001 13812912
005 20260326121639.0
008 041213s2006 maua b 001 0 eng
010 _a 2004065627
020 _a0072983906 (hbk. : alk. paper student ed.)
020 _a9780072983906 (hbk. : alk. paper student ed.)
020 _a0072983930 (alk. paper)
020 _a9780072983937 (alk. paper)
035 _a(OCoLC)ocm57285909
035 _a(OCoLC)57285909
040 _aDLC
_cDLC
_dNLGGC
_dBSULIB
042 _apcc
050 0 0 _aTS155
_b.C4237 2006
082 0 0 _a658.4
_222
_bCHA
084 _a85.35
_2bcl
084 _2bcl
100 1 _aChase, Richard B.
_91838
245 1 0 _aOperations management for competitive advantage /
_cRichard B. Chase, F. Robert Jacobs, Nicholas J. Aquilano.
250 _a11th ed.
260 _aBoston :
_bMcGraw-Hill/Irwin,
_cc2006.
300 _axix, 806 p. :
_bcol. ill. ;
_c29 cm +
_e1 CD-ROM (4 3/4 in.).
440 0 _aMcGraw-Hill/Irwin series operations and decision sciences
_91839
504 _aIncludes bibliographical references and indexes.
538 _aSystem requirements for accompanying CD-Rom: Pentium processor, Microsoft Windows 98/2000/XP, Microsoft internet explorer 5.5,Microsoft office or equivalent.
650 0 _aProduction management.
_9646
658 _aManagement
_bOperations Management.
700 1 _aJacobs, F. Robert.
_91840
700 1 _aAquillano, Nicholas J
_926401
906 _a7
_bcbc
_corignew
_d1
_eocip
_f20
_gy-gencatlg
942 _2ddc
_cBK
999 _c684
_d684